Score 0/22 Timer 02:00
0 Plays Today
Clue 4-Letter Word % Correct
A place to skateRINK
93.3%
ChoosePICK
92.8%
Relative of magenta or rosePINK
92.5%
Past tense for 'go'WENT
87.5%
FixMEND
82.9%
Thinking toolMIND
82.2%
Fruit or cheese leftoverRIND
81.8%
*** Gatsby's home: ___ Egg ***WEST
80.2%
Fence openingGATE
79.9%
Hit repeatedlyBEAT
78.6%
Ms. Middleton, Duchess of CambridgeKATE
77.6%
Clue 4-Letter Word % Correct
Above the restBEST
75.5%
Medieval honey drinkMEAD
74.8%
Water vesselBOAT
74.6%
*** Narrator in 'The Great Gatsby ***NICK
68.9%
English countyKENT
68.5%
*** Component of a flapper's dress ***BEAD
65.6%
Male porcine animalBOAR
63.9%
Take the weight of somethingBEAR
62.4%
German philosopher ImmanuelKANT
61.6%
Surname of citizen Charles FosterKANE
59.5%
*** Jay Gatsby's birth surname ***GATZ
28.3%

Today's Daily Dose

Remove Ads.
Support Sporcle.
Get the best of Sporcle when you Go Orange. This ad-free experience offers more features, more stats, and more fun while also helping to support Sporcle. Thank you for becoming a member.

You're not logged in!

Compare scores with friends on all Sporcle quizzes.
OR
Log In

Show Comments

Extras

Top Quizzes Today


Score Distribution

Your Account Isn't Verified!

In order to create a playlist on Sporcle, you need to verify the email address you used during registration. Go to your Sporcle Settings to finish the process.

Report this User

Report this user for behavior that violates our Community Guidelines.

Details: